1448 1233 1733 1424 1918 1165 1995 1280 1846 1691 1745 1798 1563 1357 1398 1133 1143 1829 1180 1999 1809 1817 1021 1719 1585 1847 1238 1356 1461 1640 1026 1706 1139 1046 1788 1417 1208 1400 1331 1095 1528 1246 1586 1568 1316 1906 1981 1513 1145 1440 1604 1529 1091 1041 1048 1338 1079 1343 1186 1712 1119 1846 1228 1221 1917 1307 1518 1333 1766 1031 1512 1390 1954 1256 1646 1642 1585 1867 1846 1187 1749 1283 1331 1877 1991 1911 1277 1093 1035 1370 1317 1447 1500 1715 1401 1106 1397 1417 1005 BCNSPRNW ULIB Ver.6.0+V

เปลี่ยนเป็นภาษาไทย

Change to English
 แสดงรายละเอียดบรรณานุกรม
  กลับหน้าหลัก

Brief Record : Get Marc (ISO 2709) : E-mail record : QR code < ปิดหน้าต่าง
LEADER : 00000nam 2200000uu 4500
001    13399122132
003     ULIB
008    130102s2552||||th 000 0 tha d
020    9786119007185
099    นว.ท443พ
100 0  ทิตภากร
245 00 พยัคฆ์สาวเจ้าหัวใจชีค^cทิตภากร
260    ^bภัทรโยธิน อักษรศาสตร์^c2552
945    ^p249^l0^i028090
999    ^aกัณชพร
รายการนี้ยังไม่มีแท็ก
คุณยังไม่ได้ล็อกอิน คุณสามารถมีกิจกรรมร่วมกับเว็บไซต์ได้ แต่ต้องล็อกอินก่อน ::
  ล็อกอิน

รายการสื่อสารสนเทศ

ลำดับที่ ประเภท เลขเรียก/บาร์โค้ด สถานที่ สถานะ
1. นวนิยาย
นวนิยาย
นว.ท443พ  
  Barcode: 028090
ห้องสมุดวิทยาเขตสวรรค์ประชารักษ์
►นวนิยาย
บนชั้น
  ขอยืม

BibComment


ยังไม่เคยถูกคอมเมนท์

คอมเมนท์ทรัพยากรรายการนี้
  คอมเมนท์: พยัคฆ์สาวเจ้าหัวใ..


 Copyright 2026. Bcnsprnw @Library